1906 год. Крушение старого мира

Бібліографічні деталі
Автор: Зеештерн
Інші автори: Маркович Р. (переводчик)
Резюме:На пер. авт. и загл. не указаны
Текст в русской дореформенной орфографии
Мова:Російська
Опубліковано: Санкт-Петербург, Типография Товарищества "Народная Польза"
Предмети:
Формат: Книга
KOHA link:https://koha.lib.tpu.ru/cgi-bin/koha/opac-detail.pl?biblionumber=315315

MARC

LEADER 00000nam0a2200000 4500
001 315315
005 20231102002751.0
035 |a (RuTPU)RU\TPU\book\340748 
090 |a 315315 
100 |a 20160229d m y0rusy50 ca 
101 1 |a rus  |c ger 
102 |a RU 
105 |a y z 000zy 
200 1 |a 1906 год. Крушение старого мира  |f Зеештерн  |g пер. с XIX нем. изд. Р. Маркович 
210 |a Санкт-Петербург  |c Типография Товарищества "Народная Польза" 
215 |a 283, II с. 
300 |a На пер. авт. и загл. не указаны 
300 |a Текст в русской дореформенной орфографии 
316 |5 63413507: М-132677  |a На форзаце и титульном листе владельческая подпись: "Бутаков" 
317 |5 63413507: М-132677  |a Поступила в НТБ в 1970 г. в составе книжного собрания профессора ТПИ И. Н. Бутакова 
606 1 |a Военная история  |2 stltpush  |3 (RuTPU)RU\TPU\subj\3234  |9 31683 
610 1 |a мировая история 
610 1 |a Европа 
610 1 |a Китай 
610 1 |a Япония 
610 1 |a 20 век 
610 1 |a владельческая надпись 
610 1 |a библиотека И. Н. Бутакова 
610 1 |a театр войны 
686 |a Ц3  |2 rubbk 
700 1 |a Зеештерн 
702 1 |a Маркович  |b Р.  |4 730 
801 1 |a RU  |b 63413507  |c 20160229 
801 2 |a RU  |b 63413507  |c 20190802  |g RCR 
942 |c BK